[Event "Titled Tuesday intern op 21st Dec"]
[Site "Chess.com INT"]
[Date "2021.12.21"]
[Round "7"]
[White "Martic, Ivan"]
[Black "Perez Leiva, Jerzy Jesus"]
[Result "1-0"]
[WhiteElo "2287"]
[BlackElo "2384"]
[PlyCount "63"]
[EventDate "2021.12.21"]
[EventType "swiss (blitz)"]
[EventRounds "11"]
[EventCountry "USA"]
[SourceTitle "CBM 205 Extra"]
[Source "ChessBase"]
[SourceDate "2022.01.31"]
[SourceVersion "1"]
[SourceVersionDate "2022.01.31"]
[SourceQuality "1"]

1. d4 d5 2. c4 e6 3. Nc3 c6 4. Nf3 dxc4 5. a4 Bb4 6. e3 b5 7. Bd2 Bxc3 8. Bxc3 Ne7 9. e4 Bb7 10. b3 cxb3 11. axb5 O-O 12. Bd3 cxb5 13. O-O Nd7 14. Re1 a6 15. Ba5 Qb8 16. Qxb3 Nc6 17. Bc3 h6 18. d5 Nc5 19. Qd1 Rd8 20. Bc2 b4 21. Bb2 Ne7 22. Qd4 f6 23. Qxc5 Ng6 24. Qxb4 Nf4 25. Bc1 Ng6 26. Bb3 Kh8 27. dxe6 Qc7 28. Be3 Rab8 29. Bb6 Qf4 30. Bxd8 Bd5 31. Qd2 Qg4 32. h3 1-0

[Event "Titled Tuesday intern op 21st Dec"]
[Site "Chess.com INT"]
[Date "2021.12.21"]
[Round "7"]
[White "Martinez Alcantara, Jose Eduardo"]
[Black "Sevgi, Volkan"]
[Result "1-0"]
[WhiteElo "2615"]
[BlackElo "2344"]
[PlyCount "139"]
[EventDate "2021.12.21"]
[EventType "swiss (blitz)"]
[EventRounds "11"]
[EventCountry "USA"]
[SourceTitle "CBM 205 Extra"]
[Source "ChessBase"]
[SourceDate "2022.01.31"]
[SourceVersion "1"]
[SourceVersionDate "2022.01.31"]
[SourceQuality "1"]

1. e4 c6 2. d4 d5 3. e5 Bf5 4. h4 h5 5. Bd3 Bxd3 6. Qxd3 e6 7. Nf3 Ne7 8. Bg5 Qb6 9. Nbd2 Qa6 10. c4 Nd7 11. O-O Nf5 12. Qc2 Be7 13. Bxe7 Nxe7 14. g3 Nf5 15. b4 dxc4 16. Nxc4 Nb6 17. Ne3 g6 18. a3 Rd8 19. Rfd1 Nd5 20. Nc4 Nb6 21. Na5 Nd5 22. Nb3 Qa4 23. Qb2 b6 24. Nbd2 O-O 25. Ne4 Rd7 26. Kh2 Rfd8 27. Rg1 Nh6 28. Qd2 Ng4+ 29. Kg2 Ne7 30. Rgd1 Nf5 31. Qc3 Qb5 32. Rd2 Qd5 33. Re1 Kg7 34. Kg1 Kg8 35. Nh2 Nfh6 36. f3 f5 37. exf6 Nxh2 38. Kxh2 Nf5 39. Ng5 Nxd4 40. Rd3 e5 41. Rde3 Re8 42. Kg2 Kf8 43. Qd3 Nf5 44. Qxd5 Nxe3+ 45. Rxe3 Rxd5 46. Rc3 c5 47. bxc5 Rxc5 48. Rd3 Rc7 49. Rd6 Rec8 50. Ne6+ Kf7 51. Ng5+ Kf8 52. Re6 Rc6 53. Nh7+ Kf7 54. Re7+ Kg8 55. Rg7+ Kh8 56. Ng5 Rxf6 57. Rxa7 Rfc6 58. Nf7+ Kg8 59. Nxe5 R6c7 60. Ra6 Rc2+ 61. Kh3 Rb2 62. Nxg6 Rcc2 63. g4 hxg4+ 64. Kxg4 Rg2+ 65. Kf5 Rb3 66. f4 Ra2 67. Ra8+ Kg7 68. Ra7+ Kg8 69. Kf6 Raxa3 70. Rg7# 1-0

[Event "Titled Tuesday intern op 21st Dec"]
[Site "Chess.com INT"]
[Date "2021.12.21"]
[Round "7"]
[White "Necula, Iulian"]
[Black "Merriman, John"]
[Result "0-1"]
[WhiteElo "1890"]
[BlackElo "2261"]
[PlyCount "104"]
[EventDate "2021.12.21"]
[EventType "swiss (blitz)"]
[EventRounds "11"]
[EventCountry "USA"]
[SourceTitle "CBM 205 Extra"]
[Source "ChessBase"]
[SourceDate "2022.01.31"]
[SourceVersion "1"]
[SourceVersionDate "2022.01.31"]
[SourceQuality "1"]

1. f4 d5 2. Nf3 Bg4 3. e3 Nd7 4. Be2 Ngf6 5. O-O Bxf3 6. Bxf3 e5 7. fxe5 Nxe5 8. d3 Bd6 9. Be2 c6 10. Nd2 Qc7 11. Nf3 Nxf3+ 12. Bxf3 Bxh2+ 13. Kh1 Bg3 14. e4 O-O-O 15. Bg4+ Kb8 16. Qf3 dxe4 17. dxe4 Rhe8 18. Bg5 Be5 19. c3 h6 20. Be3 Nxg4 21. Qxg4 Rd3 22. Rf3 Red8 23. Raf1 Rd1 24. Bg1 Rxf1 25. Rxf1 Qd7 26. Qxd7 Rxd7 27. Be3 Kc7 28. g4 b6 29. Kg2 f6 30. Rf2 Rd3 31. Re2 Rd1 32. Bf2 Kd7 33. Bg3 Ke6 34. Bf2 g6 35. Be3 h5 36. gxh5 gxh5 37. Bf2 Bf4 38. Bh4 Rd2 39. Kf2 Rxe2+ 40. Kxe2 Bg5 41. Bg3 h4 42. Bb8 a6 43. Bc7 b5 44. b3 Bc1 45. c4 Bb2 46. Kf3 Be5 47. cxb5 cxb5 48. a4 Bxc7 49. axb5 axb5 50. Kg4 Bg3 51. b4 Ke5 52. Kf3 Kd4 0-1

[Event "Titled Tuesday intern op 21st Dec"]
[Site "Chess.com INT"]
[Date "2021.12.21"]
[Round "7"]
[White "Okike, David"]
[Black "Makhmudov, Shukhrat"]
[Result "1-0"]
[WhiteElo "2167"]
[BlackElo "2115"]
[PlyCount "109"]
[EventDate "2021.12.21"]
[EventType "swiss (blitz)"]
[EventRounds "11"]
[EventCountry "USA"]
[SourceTitle "CBM 205 Extra"]
[Source "ChessBase"]
[SourceDate "2022.01.31"]
[SourceVersion "1"]
[SourceVersionDate "2022.01.31"]
[SourceQuality "1"]

1. e4 e5 2. Nf3 Nc6 3. Bc4 Nf6 4. d3 Bc5 5. c3 Bb6 6. O-O d6 7. Nbd2 Ne7 8. d4 exd4 9. cxd4 O-O 10. d5 Ng6 11. Re1 Re8 12. h3 h6 13. Qc2 Qe7 14. b4 a5 15. b5 Nd7 16. Ba3 Qf6 17. Rac1 Nf4 18. e5 Nxe5 19. Nxe5 Rxe5 20. Rxe5 Qxe5 21. Nf3 Nxh3+ 22. Kf1 Qf6 23. Bb2 Qf4 24. Re1 Bg4 25. Qc3 f6 26. Bc1 Qf5 27. Bd3 Qh5 28. Be3 Bxf3 29. gxf3 Bxe3 30. Rxe3 Nf4 31. Ke1 Qxd5 32. Bc4 Kh8 33. Bxd5 Nxd5 34. Qd4 Nxe3 35. fxe3 c6 36. Qxd6 cxb5 37. Qb6 b4 38. Qxb7 Re8 39. Kd2 h5 40. Qb6 Re5 41. f4 Rd5+ 42. Ke2 h4 43. e4 Rh5 44. Qd8+ Kh7 45. Qe8 Rh6 46. Kf2 h3 47. Kg1 h2+ 48. Kh1 a4 49. Qxa4 Rh4 50. Qxb4 Rxf4 51. Kxh2 f5 52. Qc5 fxe4 53. Qh5+ Kg8 54. Qe5 Rh4+ 55. Kg3 1-0

[Event "Titled Tuesday intern op 21st Dec"]
[Site "Chess.com INT"]
[Date "2021.12.21"]
[Round "7"]
[White "Osmonbekov, Talaibek D"]
[Black "Osmak, Iulija"]
[Result "1-0"]
[WhiteElo "2136"]
[BlackElo "2419"]
[PlyCount "87"]
[EventDate "2021.12.21"]
[EventType "swiss (blitz)"]
[EventRounds "11"]
[EventCountry "USA"]
[SourceTitle "CBM 205 Extra"]
[Source "ChessBase"]
[SourceDate "2022.01.31"]
[SourceVersion "1"]
[SourceVersionDate "2022.01.31"]
[SourceQuality "1"]

1. d4 Nf6 2. Nc3 d5 3. Bf4 a6 4. e3 c5 5. Nf3 cxd4 6. exd4 Nc6 7. Ne5 e6 8. Be2 Be7 9. O-O O-O 10. a3 Bd7 11. Bf3 Rc8 12. Ne2 Nxe5 13. dxe5 Ne4 14. Bxe4 dxe4 15. c3 Bb5 16. Re1 Qb6 17. Ng3 Bd3 18. Qg4 f5 19. exf6 Rxf6 20. Nxe4 Rg6 21. Qh3 Qxb2 22. Qxd3 Rf8 23. Bg3 Qb6 24. Rab1 Qc6 25. f3 Bxa3 26. Bd6 Rd8 27. Red1 e5 28. Qd5+ Qxd5 29. Rxd5 Bxd6 30. Rbd1 Bc5+ 31. Nxc5 Rxd5 32. Rxd5 Rb6 33. Rxe5 Rb1+ 34. Kf2 h6 35. Kg3 a5 36. Re7 b5 37. Rb7 Rb2 38. h4 Kh7 39. h5 b4 40. Ne6 b3 41. Rxg7+ Kh8 42. Rb7 a4 43. Nd4 a3 44. Rxb3 1-0

[Event "Titled Tuesday intern op 21st Dec"]
[Site "Chess.com INT"]
[Date "2021.12.21"]
[Round "7"]
[White "Paltrinieri, Nicholas"]
[Black "Swicarz, Maciej"]
[Result "0-1"]
[WhiteElo "2344"]
[BlackElo "2330"]
[PlyCount "108"]
[EventDate "2021.12.21"]
[EventType "swiss (blitz)"]
[EventRounds "11"]
[EventCountry "USA"]
[SourceTitle "CBM 205 Extra"]
[Source "ChessBase"]
[SourceDate "2022.01.31"]
[SourceVersion "1"]
[SourceVersionDate "2022.01.31"]
[SourceQuality "1"]

1. d4 d6 2. Nf3 Bg4 3. c4 Nd7 4. Nc3 c6 5. h3 Bh5 6. g4 Bg6 7. Bg2 e5 8. O-O Qc7 9. Be3 h5 10. g5 Ne7 11. b4 Nf5 12. Bc1 Qb6 13. dxe5 Qxb4 14. Ne4 dxe5 15. Nfd2 Nd6 16. Rb1 Qa5 17. Nxd6+ Bxd6 18. Rxb7 O-O-O 19. Bxc6 Nb8 20. Bd5 e4 21. Qb3 Na6 22. Rxa7 Rd7 23. Ra8+ Bb8 24. Nxe4 Rxd5 25. cxd5 Bxe4 26. Bf4 Qxd5 27. Rc1+ Kd7 28. Qa4+ Ke7 29. Bxb8 Qxa8 30. Qa3+ Ke6 31. Qd6+ Kf5 32. Qe5+ Kg6 33. Bd6 f6 34. Qf4 Re8 35. gxf6 gxf6 36. Rc3 h4 37. Qxh4 Rg8 38. Rg3+ Kf7 39. Qh5+ Bg6 40. Qb5 Qc8 41. Qb2 Qc4 42. Bf4 Qxf4 43. Qb7+ Nc7 44. Qa6 Bf5 45. Qb7 Rxg3+ 46. fxg3 Qxg3+ 47. Kh1 Qxh3+ 48. Kg1 Qg3+ 49. Kh1 Qh4+ 50. Kg1 Qg4+ 51. Kh2 Qf4+ 52. Kg2 Be4+ 53. Kh3 Bxb7 54. e3 Qxe3+ 0-1

[Event "Titled Tuesday intern op 21st Dec"]
[Site "Chess.com INT"]
[Date "2021.12.21"]
[Round "7"]
[White "Pinheiro, Iung Alicio"]
[Black "Juhasz, Agoston"]
[Result "1-0"]
[WhiteElo "2320"]
[BlackElo "2378"]
[PlyCount "95"]
[EventDate "2021.12.21"]
[EventType "swiss (blitz)"]
[EventRounds "11"]
[EventCountry "USA"]
[SourceTitle "CBM 205 Extra"]
[Source "ChessBase"]
[SourceDate "2022.01.31"]
[SourceVersion "1"]
[SourceVersionDate "2022.01.31"]
[SourceQuality "1"]

1. d4 Nf6 2. c4 g6 3. Nc3 Bg7 4. e4 O-O 5. h3 d6 6. Bg5 h6 7. Be3 Nbd7 8. Qd2 Kh7 9. Nf3 c5 10. d5 a6 11. a4 Re8 12. Be2 e6 13. dxe6 Rxe6 14. Qc2 Nb8 15. Rd1 Nc6 16. Bxc5 Qa5 17. Bd4 Nxe4 18. Bxg7 Kxg7 19. O-O Nxc3 20. bxc3 Qc7 21. Rd2 Ne5 22. Rfd1 Nxf3+ 23. Bxf3 Rb8 24. Rd4 Bd7 25. Bg4 Rf6 26. Bxd7 Qxd7 27. c5 d5 28. Rxd5 Qc7 29. Qd2 Re8 30. Qd4 Ree6 31. Rd6 Kh7 32. Qxf6 Rxf6 33. Rxf6 Kg7 34. Rf3 Qc6 35. a5 f5 36. Rd6 Qxc5 37. Rb6 Qc7 38. Rd3 h5 39. Rg3 Kh7 40. Rbxg6 Qxa5 41. Rg7+ Kh8 42. Rg8+ Kh7 43. R3g7+ Kh6 44. h4 Qxc3 45. Rg6+ Kh7 46. Rg5 Qc1+ 47. Kh2 Qf4+ 48. Kh3 1-0

[Event "Titled Tuesday intern op 21st Dec"]
[Site "Chess.com INT"]
[Date "2021.12.21"]
[Round "7"]
[White "Polaczek, Richard"]
[Black "Sowa, Ryan"]
[Result "0-1"]
[WhiteElo "2360"]
[BlackElo "2067"]
[PlyCount "42"]
[EventDate "2021.12.21"]
[EventType "swiss (blitz)"]
[EventRounds "11"]
[EventCountry "USA"]
[SourceTitle "CBM 205 Extra"]
[Source "ChessBase"]
[SourceDate "2022.01.31"]
[SourceVersion "1"]
[SourceVersionDate "2022.01.31"]
[SourceQuality "1"]

1. d4 Nf6 2. Bg5 Ne4 3. Bf4 c5 4. f3 Qa5+ 5. c3 Nf6 6. Nd2 cxd4 7. Nb3 Qb6 8. Qxd4 Nc6 9. Qxb6 axb6 10. e4 d5 11. Be3 dxe4 12. Bxb6 Be6 13. Nd4 Rxa2 14. Rxa2 Bxa2 15. Bb5 Kd7 16. Nge2 e5 17. Nc2 exf3 18. O-O fxe2 19. Bxe2 Bd6 20. Rd1 Bb3 21. Rd2 Ne4 0-1

[Event "Titled Tuesday intern op 21st Dec"]
[Site "Chess.com INT"]
[Date "2021.12.21"]
[Round "7"]
[White "Popadic, Dragan"]
[Black "Ljukin, Sergei"]
[Result "1-0"]
[WhiteElo "2143"]
[BlackElo "2362"]
[PlyCount "49"]
[EventDate "2021.12.21"]
[EventType "swiss (blitz)"]
[EventRounds "11"]
[EventCountry "USA"]
[SourceTitle "CBM 205 Extra"]
[Source "ChessBase"]
[SourceDate "2022.01.31"]
[SourceVersion "1"]
[SourceVersionDate "2022.01.31"]
[SourceQuality "1"]

1. e4 e6 2. Nf3 d5 3. e5 c5 4. b4 Nc6 5. bxc5 d4 6. c3 Bxc5 7. Bb2 Nge7 8. Bd3 dxc3 9. dxc3 Bxf2+ 10. Kxf2 Qb6+ 11. Kg3 Qxb2 12. Nbd2 O-O 13. Ne4 Ng6 14. Rb1 Qa3 15. Neg5 Rd8 16. Qc2 Qe7 17. h4 Rxd3 18. Qxd3 h6 19. Rbf1 hxg5 20. hxg5 Ncxe5 21. Nxe5 Qxg5+ 22. Ng4 f5 23. Kh2 fxg4 24. Kg1 g3 25. Rh3 1-0

[Event "Titled Tuesday intern op 21st Dec"]
[Site "Chess.com INT"]
[Date "2021.12.21"]
[Round "7"]
[White "Postnikov, Daniil"]
[Black "Qashashvili, Alexandre"]
[Result "1-0"]
[WhiteElo "2360"]
[BlackElo "2505"]
[PlyCount "47"]
[EventDate "2021.12.21"]
[EventType "swiss (blitz)"]
[EventRounds "11"]
[EventCountry "USA"]
[SourceTitle "CBM 205 Extra"]
[Source "ChessBase"]
[SourceDate "2022.01.31"]
[SourceVersion "1"]
[SourceVersionDate "2022.01.31"]
[SourceQuality "1"]

1. e4 c6 2. d4 d5 3. e5 Bf5 4. Nf3 e6 5. Be2 h6 6. O-O c5 7. c4 Nc6 8. cxd5 exd5 9. Nc3 c4 10. Be3 Nge7 11. Nh4 Bh7 12. f4 Nf5 13. Nxf5 Bxf5 14. Bf3 Be6 15. f5 Bxf5 16. Bxd5 Bg6 17. Qf3 Qd7 18. Qg3 Bb4 19. e6 Qe7 20. exf7+ Kf8 21. Rae1 Bd6 22. Qxg6 Qh4 23. Qxd6+ Ne7 24. Bxb7 1-0

[Event "Titled Tuesday intern op 21st Dec"]
[Site "Chess.com INT"]
[Date "2021.12.21"]
[Round "7"]
[White "Postny, Evgeny"]
[Black "Al Tarbosh, Ward"]
[Result "1-0"]
[WhiteElo "2557"]
[BlackElo "2222"]
[PlyCount "119"]
[EventDate "2021.12.21"]
[EventType "swiss (blitz)"]
[EventRounds "11"]
[EventCountry "USA"]
[SourceTitle "CBM 205 Extra"]
[Source "ChessBase"]
[SourceDate "2022.01.31"]
[SourceVersion "1"]
[SourceVersionDate "2022.01.31"]
[SourceQuality "1"]

1. c4 c5 2. Nc3 Nc6 3. g3 g6 4. Bg2 Bg7 5. Nf3 Nh6 6. O-O Nf5 7. b3 O-O 8. Bb2 a6 9. Rb1 Rb8 10. d3 b5 11. Nd5 e6 12. Bxg7 Kxg7 13. Ne3 Ncd4 14. Nxf5+ Nxf5 15. Qd2 d5 16. cxd5 exd5 17. Qc3+ Qf6 18. Qxc5 Bb7 19. d4 Rbc8 20. Qb4 Qb6 21. e3 a5 22. Qd2 b4 23. Ne5 Nd6 24. Nd7 Qb5 25. Nxf8 Kxf8 26. Rfc1 Ra8 27. Rc5 Qb6 28. Rbc1 a4 29. Bxd5 Bxd5 30. Rxd5 Ne4 31. Qd3 Nc3 32. Rxc3 bxc3 33. Qxc3 Qb7 34. Qc5+ Kg7 35. Qb5 Qe7 36. Rd7 Qe6 37. Qe5+ Qxe5 38. dxe5 axb3 39. axb3 Kf8 40. e6 fxe6 41. Rxh7 Ra1+ 42. Kg2 Rb1 43. Rb7 Rb2 44. h4 Kg8 45. g4 Kf8 46. Kg3 Kg8 47. e4 e5 48. f4 exf4+ 49. Kxf4 Rb1 50. Kg5 Rg1 51. b4 Kf8 52. b5 Ke8 53. b6 Kd8 54. Rg7 Kc8 55. Rxg6 Re1 56. h5 Rxe4 57. h6 Re5+ 58. Kf6 Re1 59. h7 Rf1+ 60. Kg7 1-0

[Event "Titled Tuesday intern op 21st Dec"]
[Site "Chess.com INT"]
[Date "2021.12.21"]
[Round "7"]
[White "Przybylski, Wojciech"]
[Black "Wieczorek, Zbigniew"]
[Result "1-0"]
[WhiteElo "2321"]
[BlackElo "2155"]
[PlyCount "75"]
[EventDate "2021.12.21"]
[EventType "swiss (blitz)"]
[EventRounds "11"]
[EventCountry "USA"]
[SourceTitle "CBM 205 Extra"]
[Source "ChessBase"]
[SourceDate "2022.01.31"]
[SourceVersion "1"]
[SourceVersionDate "2022.01.31"]
[SourceQuality "1"]

1. e4 g6 2. d4 Bg7 3. Nc3 c6 4. Be3 d5 5. Be2 dxe4 6. Nxe4 Nf6 7. Nxf6+ exf6 8. Nf3 Be6 9. O-O O-O 10. a4 a5 11. Re1 Re8 12. c3 Nd7 13. Nd2 Nb6 14. Ne4 Nc4 15. Bc1 b6 16. h3 Bd5 17. Bd3 Nd6 18. Nxd6 Rxe1+ 19. Qxe1 Qxd6 20. Be3 Re8 21. c4 Be4 22. Bf1 f5 23. Qd2 f4 24. Bxf4 Qxd4 25. Rd1 Qxd2 26. Rxd2 Bf5 27. Be3 c5 28. g4 Bc8 29. Bg2 Bf6 30. b3 Rd8 31. Bd5 Kg7 32. Bf4 Rd7 33. g5 Bd4 34. Re2 Bb7 35. Bxb7 Rxb7 36. Re8 Bc3 37. Bd6 Bd4 38. Bf8+ 1-0

[Event "Titled Tuesday intern op 21st Dec"]
[Site "Chess.com INT"]
[Date "2021.12.21"]
[Round "7"]
[White "Quesada Perez, Yuniesky"]
[Black "Erdogdu, Mert"]
[Result "1/2-1/2"]
[WhiteElo "2600"]
[BlackElo "2407"]
[PlyCount "127"]
[EventDate "2021.12.21"]
[EventType "swiss (blitz)"]
[EventRounds "11"]
[EventCountry "USA"]
[SourceTitle "CBM 205 Extra"]
[Source "ChessBase"]
[SourceDate "2022.01.31"]
[SourceVersion "1"]
[SourceVersionDate "2022.01.31"]
[SourceQuality "1"]

1. e4 c5 2. Nf3 d6 3. d4 cxd4 4. Nxd4 Nf6 5. Nc3 a6 6. a4 e6 7. g3 Be7 8. Bg2 O-O 9. O-O Bd7 10. g4 h6 11. f4 Nc6 12. Nxc6 Bxc6 13. g5 hxg5 14. fxg5 Nd7 15. Qh5 Ne5 16. Kh1 g6 17. Qh4 Re8 18. Be3 Bf8 19. Rf6 Bg7 20. Raf1 Re7 21. Bd4 b5 22. axb5 axb5 23. Nd1 Ra4 24. c3 Ra1 25. Ne3 Rxf1+ 26. Rxf1 Qa8 27. Bxe5 dxe5 28. Ng4 Bxe4 29. Nf6+ Bxf6 30. Bxe4 Bxg5 31. Qg4 f5 32. Bxa8 fxg4 33. Rg1 Kg7 34. Rxg4 Bf4 35. Be4 g5 36. Rg2 Kf6 37. Bc6 e4 38. Bxe4 Rc7 39. Re2 Rc5 40. Kg2 g4 41. h3 g3 42. Kf3 e5 43. h4 Rc7 44. Kg4 Rg7+ 45. Kh3 Rc7 46. Re1 Rd7 47. Re2 Rd6 48. Kg4 Rd1 49. Kh3 Rg1 50. Kg4 Rf1 51. Kh3 Rf2 52. Rxf2 gxf2 53. Kg2 Bc1 54. b3 Bd2 55. Kxf2 Bxc3 56. Bd3 b4 57. Kg3 Kg7 58. Kg4 Kh6 59. Be2 Bd4 60. Kf5 Bc3 61. Ke4 Bd4 62. Kf5 Bc3 63. Ke4 Bd4 64. Kf5 1/2-1/2

[Event "Titled Tuesday intern op 21st Dec"]
[Site "Chess.com INT"]
[Date "2021.12.21"]
[Round "7"]
[White "Rodchenkov, Vitaly"]
[Black "Buksa, Nataliya"]
[Result "0-1"]
[WhiteElo "2330"]
[BlackElo "2401"]
[PlyCount "66"]
[EventDate "2021.12.21"]
[EventType "swiss (blitz)"]
[EventRounds "11"]
[EventCountry "USA"]
[SourceTitle "CBM 205 Extra"]
[Source "ChessBase"]
[SourceDate "2022.01.31"]
[SourceVersion "1"]
[SourceVersionDate "2022.01.31"]
[SourceQuality "1"]

1. e4 c5 2. Nf3 Nc6 3. d4 cxd4 4. Nxd4 Nf6 5. Nc3 e5 6. Nb3 Bb4 7. Bc4 O-O 8. O-O Bxc3 9. bxc3 Nxe4 10. Ba3 d6 11. Qd3 Nc5 12. Nxc5 dxc5 13. Bxc5 Qxd3 14. cxd3 Re8 15. f4 Be6 16. Bb3 Rad8 17. fxe5 Rxd3 18. c4 Nxe5 19. Bxa7 Nxc4 20. Rae1 Nd2 21. Rf2 Nxb3 22. axb3 Rxb3 23. Rc2 b5 24. Rc7 Rb2 25. Bd4 Rd2 26. Bc3 Rc2 27. Be5 Rxc7 28. Bxc7 b4 29. Rd1 f6 30. Ba5 b3 31. Bc3 Rc8 32. Rd3 Rxc3 33. Rxc3 b2 0-1

[Event "Titled Tuesday intern op 21st Dec"]
[Site "Chess.com INT"]
[Date "2021.12.21"]
[Round "7"]
[White "Selkirk, Rebecca"]
[Black "Quirke, Jeffrey"]
[Result "0-1"]
[WhiteElo "1799"]
[BlackElo "2086"]
[PlyCount "49"]
[EventDate "2021.12.21"]
[EventType "swiss (blitz)"]
[EventRounds "11"]
[EventCountry "USA"]
[SourceTitle "CBM 205 Extra"]
[Source "ChessBase"]
[SourceDate "2022.01.31"]
[SourceVersion "1"]
[SourceVersionDate "2022.01.31"]
[SourceQuality "1"]

1. e4 c6 2. d4 d5 3. exd5 cxd5 4. Nf3 Nf6 5. h3 Nc6 6. c4 g6 7. Nc3 Bg7 8. Bf4 O-O 9. a3 b6 10. Bd3 Bb7 11. O-O Rc8 12. cxd5 Nxd5 13. Be5 Nxc3 14. bxc3 Nxe5 15. Nxe5 Rxc3 16. Rc1 Qxd4 17. Rxc3 Qxc3 18. Nf3 Qxa3 19. Re1 e6 20. Be4 Bxe4 21. Rxe4 Qe7 22. Ne5 Bxe5 23. Rxe5 Rd8 24. Qe1 Qd6 25. Re2 0-1

[Event "Titled Tuesday intern op 21st Dec"]
[Site "Chess.com INT"]
[Date "2021.12.21"]
[Round "7"]
[White "Senthil, Maran K"]
[Black "Gritsenko, Nikolai"]
[Result "1-0"]
[WhiteElo "2220"]
[BlackElo "2309"]
[PlyCount "73"]
[EventDate "2021.12.21"]
[EventType "swiss (blitz)"]
[EventRounds "11"]
[EventCountry "USA"]
[SourceTitle "CBM 205 Extra"]
[Source "ChessBase"]
[SourceDate "2022.01.31"]
[SourceVersion "1"]
[SourceVersionDate "2022.01.31"]
[SourceQuality "1"]

1. d4 d5 2. Nf3 Nc6 3. g3 Bg4 4. Bg2 Qd7 5. O-O Bh3 6. c4 Bxg2 7. Kxg2 e6 8. Nc3 dxc4 9. Qa4 Nf6 10. Qxc4 Be7 11. Bg5 O-O 12. e3 Rfd8 13. Bxf6 Bxf6 14. Ne4 Be7 15. Rac1 a6 16. Nc5 Bxc5 17. Qxc5 Qd5 18. Qxd5 exd5 19. Rc3 f6 20. Rfc1 a5 21. Ne1 a4 22. Nd3 a3 23. bxa3 Ra7 24. Nb4 Nxb4 25. axb4 c6 26. b5 cxb5 27. Rb3 Rxa2 28. Rxb5 Rd7 29. Rcc5 Kf7 30. Rxd5 Re7 31. Kf3 g5 32. g4 Kg6 33. h4 gxh4 34. Rh5 Rc7 35. Rxh4 Rcc2 36. Rh2 Ra7 37. Rbh5 1-0

[Event "Titled Tuesday intern op 21st Dec"]
[Site "Chess.com INT"]
[Date "2021.12.21"]
[Round "7"]
[White "Serikbay, Assel"]
[Black "Krivonosov, Oleg"]
[Result "0-1"]
[WhiteElo "2263"]
[BlackElo "2362"]
[PlyCount "36"]
[EventDate "2021.12.21"]
[EventType "swiss (blitz)"]
[EventRounds "11"]
[EventCountry "USA"]
[SourceTitle "CBM 205 Extra"]
[Source "ChessBase"]
[SourceDate "2022.01.31"]
[SourceVersion "1"]
[SourceVersionDate "2022.01.31"]
[SourceQuality "1"]

1. d4 d5 2. Nf3 Nf6 3. c4 e6 4. Nc3 Be7 5. Bg5 h6 6. Bh4 O-O 7. e3 Ne4 8. Bxe7 Qxe7 9. cxd5 Nxc3 10. bxc3 exd5 11. Bd3 c5 12. O-O Nc6 13. h3 Be6 14. Rb1 Rfc8 15. Nd2 cxd4 16. cxd4 Nb4 17. Qb3 Nxd3 18. Qc3 Rxc3 0-1

[Event "Titled Tuesday intern op 21st Dec"]
[Site "Chess.com INT"]
[Date "2021.12.21"]
[Round "7"]
[White "Shimelkov, Vasiliy"]
[Black "Nechaeva, Marina"]
[Result "1-0"]
[WhiteElo "2159"]
[BlackElo "2384"]
[PlyCount "69"]
[EventDate "2021.12.21"]
[EventType "swiss (blitz)"]
[EventRounds "11"]
[EventCountry "USA"]
[SourceTitle "CBM 205 Extra"]
[Source "ChessBase"]
[SourceDate "2022.01.31"]
[SourceVersion "1"]
[SourceVersionDate "2022.01.31"]
[SourceQuality "1"]

1. d4 Nf6 2. Nf3 e6 3. c4 b6 4. Nc3 Bb4 5. Bg5 h6 6. Bh4 g5 7. Bg3 Ne4 8. Qc2 Bb7 9. e3 Bxc3+ 10. bxc3 d6 11. Bd3 f5 12. d5 Nd7 13. Nd4 Ndc5 14. O-O Qf6 15. Bxe4 fxe4 16. f3 Qg6 17. dxe6 O-O-O 18. f4 gxf4 19. exf4 h5 20. Bh4 Rdg8 21. h3 Nxe6 22. f5 Nxd4 23. cxd4 Qh7 24. Bf6 e3 25. d5 c6 26. Bxh8 Rxh8 27. Rae1 cxd5 28. cxd5+ Kb8 29. Rxe3 Bxd5 30. Qd2 Qb7 31. f6 Rg8 32. Re7 Qc6 33. f7 Qc5+ 34. Kh1 Bxf7 35. Rfxf7 1-0

[Event "Titled Tuesday intern op 21st Dec"]
[Site "Chess.com INT"]
[Date "2021.12.21"]
[Round "7"]
[White "Shuvalova, Polina"]
[Black "Kjartansson, Gudmundur"]
[Result "1-0"]
[WhiteElo "2516"]
[BlackElo "2460"]
[PlyCount "137"]
[EventDate "2021.12.21"]
[EventType "swiss (blitz)"]
[EventRounds "11"]
[EventCountry "USA"]
[SourceTitle "CBM 205 Extra"]
[Source "ChessBase"]
[SourceDate "2022.01.31"]
[SourceVersion "1"]
[SourceVersionDate "2022.01.31"]
[SourceQuality "1"]

1. e4 c6 2. d4 d5 3. exd5 cxd5 4. Bd3 Nc6 5. c3 Qc7 6. Ne2 Bg4 7. O-O e6 8. Qe1 Nf6 9. Bg5 Bh5 10. Nf4 Bg6 11. Nd2 Bd6 12. g3 Bxd3 13. Nxd3 h6 14. Bf4 O-O 15. Qe3 Rfe8 16. Bxd6 Qxd6 17. Rfe1 Nd7 18. Nf3 b5 19. a3 a5 20. b4 axb4 21. axb4 Nb6 22. Nfe5 Nc4 23. Nxc4 dxc4 24. Nc5 Ne7 25. Qf3 Nd5 26. Ra5 e5 27. Rxa8 Rxa8 28. Rxe5 Ra1+ 29. Kg2 Nf6 30. Qb7 Rc1 31. Ne4 Nxe4 32. Qxe4 g6 33. Rd5 Qb8 34. Re5 Qd6 35. Qe3 Rd1 36. Qxh6 Qc6+ 37. d5 Rxd5 38. Rxd5 Qxd5+ 39. f3 Qd3 40. Qc1 Qe2+ 41. Kg1 Qxf3 42. Qe1 Kh7 43. Qe5 f6 44. Qd4 g5 45. Qd7+ Kg6 46. Qd4 Kh5 47. Qd2 Kg4 48. Qd7+ f5 49. Qd4+ Kh3 50. Qh8+ Kg4 51. Qd4+ Kh5 52. Qh8+ Kg6 53. Qg8+ Kf6 54. Qd8+ Ke5 55. Qxg5 Qxc3 56. Qg7+ Ke4 57. Qxc3 f4 58. gxf4 Kxf4 59. Kg2 Ke4 60. h3 Kf4 61. h4 Ke4 62. Qf3+ Kd4 63. h5 c3 64. h6 c2 65. Qf4+ Kd3 66. h7 c1=Q 67. Qxc1 Ke2 68. Qc5 Kd3 69. h8=Q 1-0